MARC

LEADER 00000nam0a2200000 4500
001 366518
005 20231102011905.0
035 |a (RuTPU)RU\TPU\retro\23881 
090 |a 366518 
100 |a 20220210d1979 k y0rusy50 ca 
102 |a RU 
105 |a a z 001zy 
200 1 |a Геохимия эндогенных процессов  |f Академия наук СССР, Сибирское отделение, Институт геохимии им. А. П. Виноградова ; отв. ред. Л. В. Таусон 
210 |a Иркутск  |c Изд-во Ин-та геохимии СО АН СССР  |d 1979 
215 |a 210 с.  |c ил. 
320 |a Библиогр. в конце ст. 
606 1 |a Эндогенные месторождения (магматические и постмагматические)  |2 stltpush  |3 (RuTPU)RU\TPU\subj\21193  |9 46218 
610 1 |a эндогенные процессы 
610 1 |a геохимия 
610 1 |a магматические процессы 
610 1 |a минералогия 
610 1 |a постмагматизм 
610 1 |a типохимизм 
610 1 |a Забайкалье 
610 1 |a кальциты 
610 1 |a петрогенные элементы 
610 1 |a мезозойская гранитизация 
675 |a 553.062  |v 4 
702 1 |a Таусон  |b Л. В.  |4 340 
712 0 2 |a Академия наук СССР  |b Сибирское отделение  |b Институт геохимии им. А. П. Виноградова  |c (Иркутск)  |2 stltpush  |3 (RuTPU)RU\TPU\col\1687  |9 23589 
801 1 |a RU  |b 63413507  |c 20220210 
801 2 |a RU  |b 63413507  |c 20220215  |g RCR 
942 |c BK